00589nam a2200169Ia 4500008004100000020001500041041001200056082001900068100001400087245007000101260002800171300000800199650001600207942000700223999001500230952017400245221030s9999 xx 000 0 und d a8120325958 aEnglish a105.23bSharma aS. Sharma 0aDigital Signal Processing including MATLAB programscby S. Sharma bKatsonaNew Delhic2005 a471 aBE Computer cBK c3999d3999 pBE 8260g295.00l0o105.23 Sharmar2024-06-13 00:00:00w2022-10-30yBK003Print4070aMIETLIBbMIETLIBcBL-Academic Block C, FL-2, CUP-50, SH-1, R-1d2006-10-2610HBE